<?xml version="1.0" encoding="UTF-8"?><?xml-stylesheet type="text/xsl" href="static/style.xsl"?><OAI-PMH xmlns="http://www.openarchives.org/OAI/2.0/" xmlns:xsi="http://www.w3.org/2001/XMLSchema-instance" xsi:schemaLocation="http://www.openarchives.org/OAI/2.0/ http://www.openarchives.org/OAI/2.0/OAI-PMH.xsd"><responseDate>2026-04-13T01:04:22Z</responseDate><request verb="GetRecord" identifier="oai:www.recercat.cat:11351/1080" metadataPrefix="marc">https://recercat.cat/oai/request</request><GetRecord><record><header><identifier>oai:recercat.cat:11351/1080</identifier><datestamp>2025-10-24T10:54:51Z</datestamp><setSpec>com_2072_431749</setSpec><setSpec>com_2072_378040</setSpec><setSpec>col_2072_431755</setSpec></header><metadata><record xmlns="http://www.loc.gov/MARC21/slim" xmlns:dcterms="http://purl.org/dc/terms/" xmlns:xsi="http://www.w3.org/2001/XMLSchema-instance" xmlns:doc="http://www.lyncode.com/xoai" xsi:schemaLocation="http://www.loc.gov/MARC21/slim http://www.loc.gov/standards/marcxml/schema/MARC21slim.xsd">
   <leader>00925njm 22002777a 4500</leader>
   <datafield ind2=" " ind1=" " tag="042">
      <subfield code="a">dc</subfield>
   </datafield>
   <datafield ind2=" " ind1=" " tag="260">
      <subfield code="c">2015-01-21T09:08:03Z</subfield>
   </datafield>
   <datafield ind2=" " ind1=" " tag="260">
      <subfield code="c">2015-01-21T09:08:03Z</subfield>
   </datafield>
   <datafield ind2=" " ind1=" " tag="260">
      <subfield code="c">2012-01</subfield>
   </datafield>
   <datafield ind2=" " ind1=" " tag="520">
      <subfield code="a">Requisits d’higiene; Explotacions avícoles de ponedores; APPCC; Hygiene requirements; Chicken; HACCP; Requisitos de higiene; Explotaciones avícolas de ponedoras; Análisis de Peligros y Puntos Críticos de Control</subfield>
   </datafield>
   <datafield ind2=" " ind1=" " tag="520">
      <subfield code="a">Aquesta guia és el document de referència per a tot el sector avícola de gallines de posta de Catalunya, tant per a les empreses i explotacions com per a qui ha de fer-ne el control&#xd;
oficial.</subfield>
   </datafield>
   <datafield ind2=" " ind1=" " tag="520">
      <subfield code="a">Esta guía es el documento de referencia para todo este sector avícola de Cataluña,&#xd;
tanto para las empresas y explotaciones como para quien debe llevar a cabo el&#xd;
control oficial de las mismas.</subfield>
   </datafield>
   <datafield ind1="8" ind2=" " tag="024">
      <subfield code="a">http://hdl.handle.net/11351/1080</subfield>
   </datafield>
   <datafield tag="653" ind2=" " ind1=" ">
      <subfield code="a">Gallines - Cria i desenvolupament - Aspectes higiènics</subfield>
   </datafield>
   <datafield tag="653" ind2=" " ind1=" ">
      <subfield code="a">Anàlisi de perills i punts de control crític</subfield>
   </datafield>
   <datafield tag="653" ind2=" " ind1=" ">
      <subfield code="a">ORGANISMS::Eukaryota::Animals::Eukaryota::Animals::Chordata::Vertebrates::Birds::Poultry</subfield>
   </datafield>
   <datafield tag="653" ind2=" " ind1=" ">
      <subfield code="a">TECHNOLOGY, INDUSTRY, AGRICULTURE::Technology, Industry, and Agriculture::Industry::Food Industry::Food Technology::Food Quality::Food Safety::Hazard Analysis and Critical Control Points</subfield>
   </datafield>
   <datafield tag="653" ind2=" " ind1=" ">
      <subfield code="a">HEALTH SURVEILLANCE::Health Surveillance of Products::Control and Sanitary Supervision of Foods and Beverages::Food Production::Food Inspection::Food Handling::Food Hygiene</subfield>
   </datafield>
   <datafield tag="653" ind2=" " ind1=" ">
      <subfield code="a">ORGANISMOS::Eukaryota::animales::Eukaryota::animales::Chordata::vertebrados::aves::aves de corral</subfield>
   </datafield>
   <datafield tag="653" ind2=" " ind1=" ">
      <subfield code="a">TECNOLOGÍA, INDUSTRIA Y AGRICULTURA::tecnología, industria y agricultura::industria::industria de alimentos::tecnología de alimentos::calidad alimentaria::inocuidad de los alimentos::análisis de peligros y puntos de control críticos</subfield>
   </datafield>
   <datafield tag="653" ind2=" " ind1=" ">
      <subfield code="a">VIGILANCIA SANITARIA::control sanitario de productos::control y supervisión sanitaria de alimentos y bebidas::producción de alimentos::inspección alimentaria::manipulación de alimentos::higiene alimentaria</subfield>
   </datafield>
   <datafield ind2="0" ind1="0" tag="245">
      <subfield code="a">Guia de pràctiques correctes d'higiene per a les explotacions avícoles de ponedores criades en gàbies</subfield>
   </datafield>
   <datafield ind2="0" ind1="0" tag="245">
      <subfield code="a">Guía de prácticas correctas de higiene para las explotaciones avícolas de ponedoras criadas en jaulas</subfield>
   </datafield>
</record></metadata></record></GetRecord></OAI-PMH>